000 00837nam a2200229 i 4500
001 67029
003 ES-MaACL
005 20240125164728.0
007 t|
008 040430s1999 sp ||||1| spa d
080 _a1 Kant
080 _a1 Spinoza
100 1 _aDomínguez, Atilano.
_945153
245 1 0 _aKant y Spinoza, dos modelos de ética /
_cAtilano Domínguez.
260 _aCuenca :
_bUniversidad de Castilla-La Mancha,
_c1999.
300 _aP. 93-116 ;
_c23 cm.
500 _aSeparata de: Moral, derecho y política en Immanuel Kant. Cuenca : Universidad de Castilla-La Mancha, 1999.
600 1 4 _aKant, Immanuel,
_d1724-1804-
_xCrítica e interpretación
_967497
600 1 4 _aSpinoza, Benedictus de-
_xCrítica e interpretación.
_9107753
852 _aES-MaACL
_j2170-F-22
_bR.128806
999 _c67029
_d67029